UBT Library

Common phrases and where they come from / (Record no. 40242)

000 -LEADER
fixed length control field 00709cam a2200217 a 4500
001 - CONTROL NUMBER
control field 12256481
005 - DATE AND TIME OF LATEST TRANSACTION
control field 20180115043549.0
008 - FIXED-LENGTH DATA ELEMENTS--GENERAL INFORMATION
fixed length control field 001213s2001 ctu 001 0 eng
010 ## - LIBRARY OF CONGRESS CONTROL NUMBER
LC control number 00069016
020 ## - INTERNATIONAL STANDARD BOOK NUMBER
International Standard Book Number 158574218X
040 ## - CATALOGING SOURCE
Original cataloging agency DLC
Transcribing agency DLC
Modifying agency DLC
041 ## - LANGUAGE CODE
Language code of text/sound track or separate title eng
080 ## - UNIVERSAL DECIMAL CLASSIFICATION NUMBER
Universal Decimal Classification number R 422 KOR
082 00 - DEWEY DECIMAL CLASSIFICATION NUMBER
Classification number R 422 KOR
Edition number 21
100 1# - Rafti
Rafti 39
101 ## - Shkurtesa
Shkurtesa EDU
245 10 - TITLE STATEMENT
Title Common phrases and where they come from /
Statement of responsibility, etc Myron Korach in collaboration with John B. Mordock.
906 ## - LOCAL DATA ELEMENT F, LDF (RLIN)
a 7
b cbc
c orignew
d 1
e ocip
f 20
g y-gencatlg
942 ## - ADDED ENTRY ELEMENTS (KOHA)
Source of classification or shelving scheme
Item type Books
Holdings
Withdrawn status Lost status Source of classification or shelving scheme Damaged status Not for loan Collection code Permanent location Current location Shelving location Date acquired Total Checkouts Full call number Barcode Date last seen Price effective from Koha item type
          Koleksioni i përgjithshem UBT - Lipjan UBT - Lipjan Koleksioni i përgjithshem 01/15/2018   R 422 KOR 002-2995311 01/15/2018 01/15/2018 Books
UBT Library © 2015-2024. All rights reserved University Education for Business and Technology